[Event "53rd Masters"]
[Site "Reggio Emilia ITA"]
[Date "2011.01.06"]
[Round "9"]
[White "Onischuk,Al"]
[Black "Gashimov,V"]
[Result "1/2-1/2"]
[WhiteElo "2683"]
[BlackElo "2733"]

1.d4 d5 2.c4 c6 3.Nc3 Nf6 4.Nf3 a6 5.a4 e6 6.g3 dxc4 7.Bg2 c5 8.O-O Nc6 9.dxc5 Qxd1
10.Nxd1 Bxc5 11.Be3 Bb4 12.Rc1 Na5 13.Ne5 Nd5 14.Nxc4 Nb3 15.Rc2 Na1 16.Rc1 Nb3
17.Rc2  1/2-1/2

[Event "Gibraltar Masters"]
[Site "Caleta ENG"]
[Date "2011.02.01"]
[Round "8.4"]
[White "Mikhalevski,V"]
[Black "Onischuk,Al"]
[Result "1-0"]
[WhiteElo "2579"]
[BlackElo "2689"]

1.d4 Nf6 2.c4 e6 3.g3 d5 4.Bg2 dxc4 5.Nf3 c5 6.O-O Nc6 7.Qa4 cxd4 8.Nxd4 Qxd4
9.Bxc6+ Bd7 10.Rd1 Qxd1+ 11.Qxd1 Bxc6 12.Nd2 c3 13.bxc3 Be7 14.Qb3 Rd8 15.Nf3 O-O
16.Ne5 Be4 17.f3 Bd6 18.Nxf7 Bd5 19.c4 Bc5+ 20.Kg2 Bxf3+ 21.exf3 Rxf7 22.Be3 Rc8
23.Bxc5 Rxc5 24.Qe3 Rxc4 25.Qxe6 Rc2+ 26.Kh3 Rc6 27.Qb3 Rb6 28.Qa3 Ra6 29.Qc5 Nd7
30.Qd5 Rf6 31.Re1 Nf8 32.f4 Rf5 33.Qb3 Kh8 34.Re8 b6 35.Ra8 g6 36.Qa3 R5f6
37.Rxa7 Rxa7 38.Qxa7 Kg8 39.Kg4 Rd6 40.Qc7 h5+ 41.Kh4 Rf6 42.Qd8 Kf7 43.Qd5+ Kg7
44.Qe5 Nd7 45.Qe7+ Rf7 46.Qd6 Kh6 47.Qe6 Kg7 48.a4  1-0

[Event "ch-USA GpB"]
[Site "Saint Louis USA"]
[Date "2011.04.16"]
[Round "2"]
[White "Shabalov,A"]
[Black "Onischuk,Al"]
[Result "1/2-1/2"]
[WhiteElo "2590"]
[BlackElo "2678"]

1.e4 e5 2.Nf3 Nc6 3.d4 exd4 4.Nxd4 Nf6 5.Nxc6 bxc6 6.e5 Qe7 7.Qe2 Nd5 8.c4 Nb6
9.Nc3 Qe6 10.f4 d6 11.c5 Nd7 12.exd6 Nxc5 13.Qxe6+ Nxe6 14.dxc7 Nxc7 15.Be2 Bc5
16.Bd2 Nd5 17.Ne4 Bd4 18.Nd6+ Ke7 19.Nc4 Rb8 20.O-O-O c5 21.Rhe1 Kf6 22.b3 Nb4
23.Bxb4 Rxb4 24.Bf3 Be6 25.Nd6 g6 26.Ne4+ Kg7 27.Ng5 Rb6 28.Nxe6+ Rxe6 29.Rxe6 fxe6
30.Re1  1/2-1/2

[Event "ch-USA GpB"]
[Site "Saint Louis USA"]
[Date "2011.04.17"]
[Round "3"]
[White "Onischuk,Al"]
[Black "Hess,Ro"]
[Result "0-1"]
[WhiteElo "2678"]
[BlackElo "2565"]

1.d4 Nf6 2.c4 e6 3.Nc3 Bb4 4.Bg5 h6 5.Bh4 c5 6.d5 b5 7.e3 bxc4 8.Bxc4 Bb7
9.Bxf6 Qxf6 10.Ne2 Qh4 11.Qd3 O-O 12.O-O exd5 13.Bxd5 Nc6 14.Ng3 Ba5 15.Rfd1 Rab8
16.Qe4 Qf6 17.Qa4 Bxc3 18.Ne4 Qe5 19.Nxc3 Ne7 20.Bxb7 Rxb7 21.Qe4 Qxe4 22.Nxe4 d5
23.Nxc5 Rxb2 24.Nd3 Rb5 25.Rac1 Rc8 26.Kf1 Ra5 27.Rd2 Rxc1+ 28.Nxc1 Nc6 29.Nd3 Ra3
30.Ke2 a5 31.Kd1 d4 32.exd4 Nxd4 33.Kc1 Rc3+ 34.Kb2 Rc4 35.Ne5 Rb4+ 36.Kc3 Nb5+
37.Kd3 Rd4+ 38.Ke3 Ra4 39.f4 f5 40.Rd5 Nc7 41.Rd2 Ne6 42.g3 g5 43.Nd3 gxf4+
44.Nxf4 Nxf4 45.gxf4 Kg7 46.Kf3 Kg6 47.Rd5 Ra3+ 48.Kg2 a4 49.Ra5 Kh5 50.h3 Rxa2+
51.Kg3 Ra3+ 52.Kf2 Rxh3 53.Rxa4 Kg4 54.Kg2 Rb3 55.Ra2 h5 56.Ra8 Rb2+ 57.Kg1 h4
58.Rg8+ Kxf4 59.Rh8 Kf3 60.Kh1 f4 61.Ra8 Kf2 62.Kh2 f3  0-1

[Event "ch-USA GpB"]
[Site "Saint Louis USA"]
[Date "2011.04.18"]
[Round "4"]
[White "Kaidanov,G"]
[Black "Onischuk,Al"]
[Result "1/2-1/2"]
[WhiteElo "2569"]
[BlackElo "2678"]

1.d4 Nf6 2.c4 e6 3.g3 d5 4.Bg2 Be7 5.Nf3 O-O 6.O-O dxc4 7.Qa4 a6 8.Qxc4 b5
9.Qc2 Bb7 10.Bd2 Bd6 11.Re1 Be4 12.Qc1 Bb7 13.Qc2 Be4 14.Qc1 Bb7 15.Bg5 h6
16.Bxf6 Qxf6 17.Nbd2 Qe7 18.e4 Nd7 19.Nh4 Rfc8 20.Qd1 Qd8 21.e5 Bxg2 22.Nxg2 Bb4
23.a3 Bf8 24.Nf4 c5 25.d5 exd5 26.Nxd5 Nb6 27.Nf4 Nd5 28.Qf3 Nxf4 29.Qxf4 Qd5
30.Ne4 Rd8 31.Rad1 Qe6 32.a4 Rxd1 33.Rxd1 bxa4 34.Rc1 Rc8 35.Rc4 Rb8 36.Nxc5 Bxc5
37.Rxc5 Rxb2 38.Qxa4 Qf5 39.Qd4 Rb5 40.Rxb5 axb5 41.Kf1 Qb1+ 42.Ke2 b4 43.Qd8+ Kh7
44.Qd3+ Qxd3+ 45.Kxd3 Kg6 46.Kc4 Kf5 47.f4 g5 48.fxg5 hxg5 49.Kxb4 g4 50.Kc3 Ke4
51.Kc4 Kxe5  1/2-1/2

[Event "ch-USA GpB"]
[Site "Saint Louis USA"]
[Date "2011.04.20"]
[Round "6"]
[White "Seirawan,Y"]
[Black "Onischuk,Al"]
[Result "1/2-1/2"]
[WhiteElo "2636"]
[BlackElo "2678"]

1.Nf3 Nf6 2.c4 e6 3.g3 d5 4.b3 c5 5.Bg2 Nc6 6.O-O Be7 7.cxd5 Nxd5 8.Bb2 O-O
9.Nc3 Bf6 10.Qc2 Ndb4 11.Qb1 b6 12.a3 Nd5 13.b4 Rb8 14.Rc1 Nxc3 15.Bxc3 Nd4
16.Bxd4 cxd4 17.d3 Bb7 18.Ra2 Qd7 19.Rac2 Rfc8 20.Nd2 Bd5 21.Bxd5 exd5 22.Nf3 g6
23.Qb3 Rxc2 24.Qxc2 Re8 25.Qc6 Qe6 26.b5 Kf8 27.Rc2 Qxc6 28.Rxc6 Re6 29.Rc8+ Re8
30.Rc2 Re7 31.Kf1 Ke8 32.Rc6 Bg7 33.Ng5 h6 34.Nh3 Kd7 35.Nf4 Re5 36.a4 Bf8
37.Rf6 Ke7 38.Rc6 Kd7 39.a5 bxa5 40.Ra6 Bc5 41.Rxa5 Kd6 42.Ra2 Re7 43.Ke1 Rb7
44.Ra6+ Bb6 45.Ra2 Rc7 46.Kd1 Rc3 47.Rb2 Ra3 48.Rc2 Ra1+ 49.Rc1 Rxc1+ 50.Kxc1 Kc5
51.Kb2 Bc7 52.Ng2 Ba5 53.Nh4 Bd8 54.Ng2 Kxb5 55.Nf4 Kc5 56.Kb3 Bg5 57.Ng2 Bd2
58.Nh4 Kd6 59.f4 Be3 60.Ka4 g5 61.fxg5 Bxg5 62.Nf3 Bd8 63.Nxd4 h5 64.Kb5 Bb6
65.Nf5+ Ke5 66.Ng7 h4 67.gxh4 Kf6 68.Nh5+ Kf5 69.Ng3+ Kg4 70.h5 Kg5 71.Kc6 Bg1
72.Kxd5 Bxh2 73.Nf1 Bg1 74.Ng3 Bh2 75.Nf1 Bg1 76.Ke5 Kxh5 77.Kf6 a5 78.Kxf7 a4
79.Nd2 a3 80.Ke6 Kg4 81.Kd5 Kf4 82.e4 Ke3 83.Nc4+ Kxd3 84.Nxa3 Bh2 85.Nc4 Bg3
86.e5 Bxe5 87.Nxe5+  1/2-1/2

[Event "ch-USA GpB Rapid Playoff"]
[Site "Saint Louis USA"]
[Date "2011.04.22"]
[Round "2"]
[White "Shankland,S"]
[Black "Onischuk,Al"]
[Result "1-0"]
[WhiteElo "2512"]
[BlackElo "2678"]

1.d4 Nf6 2.c4 e6 3.Nc3 Bb4 4.f3 d5 5.a3 Bxc3+ 6.bxc3 c5 7.cxd5 Nxd5 8.dxc5 Qa5
9.e4 Nf6 10.Be3 O-O 11.Qb3 Nfd7 12.a4 Qc7 13.Qa3 b6 14.a5 Bb7 15.Ne2 Nxc5
16.Nd4 Nbd7 17.Be2 Ba6 18.Bxa6 Nxa6 19.O-O Qc8 20.Nb5 Nac5 21.Qb4 Nd3 22.Qd4 N7c5
23.Rfb1 Rd8 24.Qc4 a6 25.axb6 axb5 26.Qxb5 Rxa1 27.Rxa1 Nb7 28.Bd4 e5 29.Qxd3 exd4
30.cxd4 Rd6 31.Rb1 Rc6 32.Qe3 Rc3 33.Qf4 h6 34.h4 Rc2 35.d5 Qc5+ 36.Kh2 Qf2
37.Qb8+ Kh7 38.Qg3 Qd4 39.Qf4 Kg8 40.Qb8+ Kh7 41.Qf4 f6 42.h5 Qe5 43.Qxe5 fxe5
44.Kh3 g6 45.Ra1 Rb2 46.Rc1 Rxb6 47.Rc7+ Kg8 48.hxg6 Na5 49.Rc5 Nb3 50.Rc6 Rb7
51.Re6 Nd4 52.Rxe5 Kg7 53.Re8 Kxg6 54.f4 Rb3+ 55.Kh4 Rd3 56.d6 Ne2 57.f5+ Kf7
58.Re7+ Kf6 59.Re6+ Kf7 60.Rxh6 Rd4 61.Re6 Nf4 62.Re7+ Kf8 63.Kg5 Nd3 64.e5 Nf4
65.g4 Nd5 66.Ra7 Ne3 67.Kf6 Nxg4+ 68.Ke6 Re4 69.d7 Rxe5+ 70.Kd6  1-0

[Event "8th World Teams"]
[Site "Ningbo CHN"]
[Date "2011.07.19"]
[Round "3"]
[White "Onischuk,Al"]
[Black "Amin,B"]
[Result "1-0"]
[WhiteElo "2675"]
[BlackElo "2609"]

1.d4 Nf6 2.c4 e6 3.Nc3 Bb4 4.e3 c5 5.Ne2 b6 6.a3 Ba5 7.Rb1 Na6 8.d5 exd5
9.cxd5 O-O 10.Ng3 Bb7 11.Bxa6 Bxc3+ 12.bxc3 Bxa6 13.f3 d6 14.e4 Nd7 15.Bf4 Ne5
16.Bxe5 dxe5 17.Kf2 g6 18.Re1 Qd6 19.Qd2 Rad8 20.Rbd1 Qe7 21.Qa2 h5 22.c4 Qh4
23.Kg1 Rd6 24.a4 Qf4 25.Nf1 h4 26.h3 Qg5 27.Qd2 Qd8 28.f4 Re8 29.Nh2 f6 30.fxe5 fxe5
31.Rc1 Rf8 32.Ng4 Qe7 33.Rf1 Rdd8 34.Qh6  1-0

[Event "8th World Teams"]
[Site "Ningbo CHN"]
[Date "2011.07.21"]
[Round "5"]
[White "Onischuk,Al"]
[Black "Sasikiran,K"]
[Result "1-0"]
[WhiteElo "2675"]
[BlackElo "2681"]

1.d4 Nf6 2.c4 g6 3.Nc3 Bg7 4.e4 d6 5.Nf3 O-O 6.Be2 e5 7.Be3 exd4 8.Nxd4 Re8
9.f3 c6 10.Bf2 d5 11.exd5 cxd5 12.O-O Nc6 13.c5 Re5 14.Bb5 Bd7 15.Qa4 Qc8
16.Rfe1 a6 17.Bxc6 Bxc6 18.Qc2 Rh5 19.b4 Bd7 20.Rad1 Bh6 21.Bg3 Bf8 22.a3 Bc6
23.Na4 Nd7 24.Nb6 Nxb6 25.cxb6 Bd7 26.Rc1 Qd8 27.Qc7 Bg7 28.Nb3 Ba4 29.Qxd8+ Rxd8
30.Bc7 Rf8 31.g4 Rh6 32.Nc5 Bd4+ 33.Kg2 Bxc5 34.Rxc5 g5 35.Rxd5 Rg6 36.Re7 h6
37.Kg3 Re6 38.Rxe6 fxe6 39.Rc5 Bb3 40.f4 Bd5 41.a4 Kh7 42.h4 gxh4+ 43.Kxh4 Rc8
44.a5 Bf3 45.Kg3 Be2 46.b5 Rg8 47.bxa6 Bxa6 48.Re5 Rg6 49.Kf3 Kg8 50.Bd6 Kf7
51.Rc5 Rg8 52.Rc7+ Kg6 53.Ke4 h5 54.f5+ exf5+ 55.gxf5+ Kg5 56.Be7+ Kh6 57.Ke5 Rg2
58.Bf8+  1-0

[Event "8th World Teams"]
[Site "Ningbo CHN"]
[Date "2011.07.26"]
[Round "9"]
[White "Onischuk,Al"]
[Black "Roiz,M"]
[Result "1/2-1/2"]
[WhiteElo "2675"]
[BlackElo "2669"]

1.d4 Nf6 2.c4 e6 3.Nf3 d5 4.Nc3 c5 5.cxd5 Nxd5 6.e4 Nxc3 7.bxc3 cxd4 8.cxd4 Bb4+
9.Bd2 Bxd2+ 10.Qxd2 O-O 11.Bc4 Nd7 12.O-O b6 13.Rad1 Bb7 14.d5 exd5 15.Bxd5 Nc5
16.Qf4 Qb8 17.Qg4 Qc8 18.Qh4 Bxd5 19.exd5 Re8 20.Nd4 Qd7 21.Nc6 Re4 22.Qg3 Rae8
23.f3 Re2 24.Rde1 f6 25.Rxe2 Rxe2 26.Qb8+ Re8 27.Qxa7 Qxa7 28.Nxa7 Ra8 29.Nc6 Rxa2
30.Rb1 Nd7 31.Re1 Ne5 32.Nxe5 fxe5 33.Rxe5 Rd2 34.h4 b5 35.d6 Rxd6 36.Rxb5 Rd4
37.h5 h6 38.Rf5 Ra4 39.Kh2 Rb4 40.g4 Ra4 41.Kg3 Rb4 42.Rf4 Rb5 43.Kf2 Rb3
44.Ke2 Ra3 45.Rd4 Rb3 46.Rd3 Rb4 47.Ke3 Ra4 48.Rd4 Ra5 49.Ke4 Rb5 50.Rd5 Rb3
51.f4 Kh7 52.Kf5 Rf3 53.Ke4  1/2-1/2

[Event "FIDE World Cup 2011"]
[Site "Khanty-Mansiysk RUS"]
[Date "2011.08.31"]
[Round "2.1"]
[White "Onischuk,Al"]
[Black "Navara,D"]
[Result "1/2-1/2"]
[WhiteElo "2675"]
[BlackElo "2722"]

1.d4 Nf6 2.c4 g6 3.Nc3 d5 4.Nf3 Bg7 5.Qb3 dxc4 6.Qxc4 O-O 7.e4 Nc6 8.Be2 Bg4
9.d5 Na5 10.Qa4 Bxf3 11.Bxf3 c6 12.O-O b5 13.Qb4 a6 14.Rd1 Nd7 15.Be3 Rc8
16.dxc6 Nxc6 17.Qb3 e6 18.a4 b4 19.Ne2 Qe7 20.a5 Nde5 21.Nd4 Nxd4 22.Bxd4 Nxf3+
23.Qxf3 Bxd4 24.Rxd4 Rc2 25.Qb3 Qc5 26.Rad1 e5 27.R4d2 Rxd2 28.Rxd2 Qxa5
29.g3 Qb6 30.Rd7 a5 31.Qd5 a4 32.Rb7 Qf6 33.Rxb4 Rd8 34.Qa5 Rd1+ 35.Kg2 Rd3
36.Kg1 h5 37.Rxa4 h4 38.Qe1 Qf3 39.Ra3 hxg3 40.hxg3 Rxa3  1/2-1/2

[Event "FIDE World Cup 2011"]
[Site "Khanty-Mansiysk RUS"]
[Date "2011.09.01"]
[Round "2.2"]
[White "Navara,D"]
[Black "Onischuk,Al"]
[Result "1-0"]
[WhiteElo "2722"]
[BlackElo "2675"]

1.e4 e5 2.Nf3 Nc6 3.Bb5 a6 4.Ba4 Nf6 5.O-O Bc5 6.c3 b5 7.Bb3 d6 8.d4 Bb6
9.Be3 O-O 10.Nbd2 h6 11.h3 Bd7 12.Re1 Re8 13.Bc2 Rb8 14.a3 Qe7 15.b4 Rbd8
16.Rc1 a5 17.d5 Nb8 18.Bxb6 cxb6 19.Qe2 Nh5 20.Qe3 Nf4 21.h4 Qf6 22.g3 Rc8
23.gxf4 exf4 24.Qd4 Qg6+ 25.Kh1 Qh5 26.e5 Qg4 27.Nh2 Qxh4 28.exd6  1-0

[Event "12th Karpov Int"]
[Site "Poikovsky RUS"]
[Date "2011.10.04"]
[Round "1"]
[White "Karjakin,Sergey"]
[Black "Onischuk,Al"]
[Result "1/2-1/2"]
[WhiteElo "2772"]
[BlackElo "2669"]

1.e4 e5 2.Nf3 Nc6 3.Bb5 a6 4.Ba4 Nf6 5.O-O Be7 6.Re1 b5 7.Bb3 O-O 8.c3 d5
9.exd5 Nxd5 10.Nxe5 Nxe5 11.Rxe5 c6 12.d4 Bd6 13.Re1 Qh4 14.g3 Qh3 15.Qe2 Bd7
16.Qf1 Rae8 17.Rxe8 Qxf1+ 18.Kxf1 Rxe8 19.Bd2 Nb6 20.Be3 Nd5 21.a4 Nxe3+
22.fxe3 Rxe3 23.axb5 axb5 24.Ra6 Kf8 25.Kf2 Re8 26.Nd2 g6 27.Bd1 Be7 28.Nb3 b4
29.c4 Bg5 30.Bf3 Be3+ 31.Kg2 Rd8 32.Rb6 Be8 33.Rxb4 Bxd4 34.Nxd4 Rxd4 35.Kf2 Rd2+
36.Be2 c5 37.Rb7 Rd7 38.Rb6 Ke7 39.Ke3 Rd6 40.Rb7+ Rd7 41.Rb8 Rd8 42.Rxd8 Kxd8
43.Kd2 Kc7 44.Kc3 Kd6 45.b4 cxb4+ 46.Kxb4 f5 47.c5+ Ke5 48.Bb5 Bf7 49.Bc4  1/2-1/2

[Event "12th Karpov Int"]
[Site "Poikovsky RUS"]
[Date "2011.10.05"]
[Round "2"]
[White "Onischuk,Al"]
[Black "Bacrot,E"]
[Result "1/2-1/2"]
[WhiteElo "2669"]
[BlackElo "2705"]

1.d4 Nf6 2.c4 g6 3.Nc3 Bg7 4.e4 d6 5.Nf3 O-O 6.Be2 e5 7.Be3 exd4 8.Nxd4 Re8
9.f3 c6 10.Bf2 d5 11.exd5 cxd5 12.O-O Nc6 13.c5 Re5 14.Bb5 Bd7 15.Qa4 Rc8
16.Rfe1 Rxe1+ 17.Rxe1 Nxd4 18.Bxd4 Bc6 19.Qd1 Qa5 20.Bf1 Re8 21.Rxe8+ Nxe8
22.Qd2 Bxd4+ 23.Qxd4 Nc7 24.b4 Ne6 25.bxa5 Nxd4 26.a6 bxa6 27.Bxa6 Ne6 28.Kf2 Nxc5
29.Bc8 d4 30.Ne2 Bd5 31.Nxd4 Bxa2 32.Nc6 a6 33.Ke3 Be6 34.Bxe6 Nxe6 35.Ke4 Kg7
36.Ke5 Nc5 37.Kd4 Nd7 38.Nb4 a5 39.Nd5 g5 40.Kc4 g4 41.fxg4 Ne5+ 42.Kb5 Nxg4
43.Kxa5 Nxh2 44.Kb4 Kg6 45.Kc3 Kf5 46.Kd3 Ng4 47.g3 Ke5 48.Nf4 Kf5 49.Nd5 Ne5+
50.Ke3 Kg4 51.Nf6+ Kf5 52.Nd5 Kg4 53.Nf6+ Kxg3 54.Ke4 Nd7 55.Nxd7 h5 56.Nf6 h4
57.Kf5 h3 58.Ng4 f6 59.Ne3 Kf3  1/2-1/2

[Event "12th Karpov Int"]
[Site "Poikovsky RUS"]
[Date "2011.10.06"]
[Round "3"]
[White "Rublevsky,S"]
[Black "Onischuk,Al"]
[Result "1/2-1/2"]
[WhiteElo "2681"]
[BlackElo "2669"]

1.e4 e5 2.Nf3 Nc6 3.Bb5 a6 4.Ba4 Nf6 5.d3 d6 6.c3 g6 7.O-O Bg7 8.Re1 O-O
9.Bg5 h6 10.Bh4 b5 11.Bc2 d5 12.exd5 Qxd5 13.d4 exd4 14.Bxf6 Bxf6 15.Be4 Qd6
16.Nxd4 Bxd4 17.cxd4 Bb7 18.Nd2 Rad8 19.Nf3 Bc8 20.Qc1 Nxd4 21.Qxh6 Nxf3+
22.Bxf3 Qd2 23.Qxd2 Rxd2 24.b4 Be6 25.a3 Bd5 26.Bxd5 Rxd5 27.Rac1 Rd3  1/2-1/2

[Event "12th Karpov Int"]
[Site "Poikovsky RUS"]
[Date "2011.10.07"]
[Round "4"]
[White "Onischuk,Al"]
[Black "Efimenko,Z"]
[Result "1/2-1/2"]
[WhiteElo "2669"]
[BlackElo "2703"]

1.d4 Nf6 2.c4 e6 3.Nf3 b6 4.g3 Bb4+ 5.Nbd2 Ba6 6.Qc2 O-O 7.e4 d5 8.cxd5 exd5
9.Bxa6 Nxa6 10.e5 Ne4 11.O-O Bxd2 12.Nxd2 Nb4 13.Qa4 Nd3 14.Qc2 Nb4 15.Qa4  1/2-1/2

[Event "12th Karpov Int"]
[Site "Poikovsky RUS"]
[Date "2011.10.10"]
[Round "6"]
[White "Bruzon Batista,L"]
[Black "Onischuk,Al"]
[Result "1/2-1/2"]
[WhiteElo "2682"]
[BlackElo "2669"]

1.e4 e5 2.Nf3 Nc6 3.Bb5 a6 4.Ba4 Nf6 5.O-O Be7 6.Re1 b5 7.Bb3 O-O 8.a3 d6
9.c3 Be6 10.d4 Bxb3 11.Qxb3 Re8 12.Nbd2 Bf8 13.d5 Ne7 14.c4 Qb8 15.cxb5 Qxb5
16.Qa2 Nd7 17.Nb1 Nc5 18.Nc3 Qb3 19.Qb1 Na4 20.Na2 f5 21.Nb4 Nc5 22.Nd2 Qa4
23.Na2 Qd4 24.Nb4 fxe4 25.Nxe4 Nxe4 26.Be3 Nc3 27.bxc3 Qc4 28.Bg5 a5 29.Bxe7 Bxe7
30.Qd3 Qxd3 31.Nxd3 Rab8 32.Rab1 e4 33.Nf4 Bf6 34.g3 Bxc3 35.Rxb8 Rxb8 36.Rxe4 Rb3
37.a4 Be5 38.Ne6 Rc3 39.f4 Bf6 40.g4 Kf7 41.g5 Be7 42.f5 c6 43.Rh4 Kg8 44.Rg4 Kf7
45.Rh4 Kg8 46.Rg4  1/2-1/2

[Event "12th Karpov Int"]
[Site "Poikovsky RUS"]
[Date "2011.10.12"]
[Round "8"]
[White "Laznicka,V"]
[Black "Onischuk,Al"]
[Result "1/2-1/2"]
[WhiteElo "2701"]
[BlackElo "2669"]

1.d4 d5 2.c4 e6 3.Nf3 Nf6 4.g3 Be7 5.Bg2 O-O 6.O-O dxc4 7.Qc2 a6 8.Qxc4 b5
9.Qc2 Bb7 10.Bd2 Be4 11.Qc1 Bb7 12.Bf4 Nd5 13.Nc3 Nxf4 14.Qxf4 Nd7 15.Rfd1 Bd6
16.Qe3 Nb6 17.a4 Nxa4 18.Nxa4 bxa4 19.Rxa4 Rb8 20.b3 Bd5 21.Nd2 Bb4 22.Nc4 Bxc4
23.bxc4 a5 24.Raa1 Qf6 25.c5 Rfd8 26.Bc6 a4 27.Bxa4 Ra8 28.c6 Ra5 29.Qb3 Bf8
30.Qb2 Rda8 31.Bb3 Rxa1 32.Rxa1 Rxa1+ 33.Qxa1 Qf5 34.Qa2 g6 35.f3 Kg7 36.Kg2 Qb5
37.Qc2 Be7 38.e4 Qb6 39.Qc4 Qb4 40.Qd3 Qd6 41.Qc3 Qb4 42.Qb2 Qa3 43.Qxa3  1/2-1/2

[Event "12th Karpov Int"]
[Site "Poikovsky RUS"]
[Date "2011.10.13"]
[Round "9"]
[White "Onischuk,Al"]
[Black "Caruana,F"]
[Result "1/2-1/2"]
[WhiteElo "2669"]
[BlackElo "2712"]

1.d4 Nf6 2.c4 g6 3.Nc3 d5 4.Nf3 Bg7 5.Qb3 dxc4 6.Qxc4 O-O 7.e4 a6 8.Be2 b5
9.Qb3 c5 10.dxc5 Be6 11.Qc2 Nbd7 12.Be3 Rc8 13.Rd1 b4 14.Nd5 Bxd5 15.exd5 Nxc5
16.O-O Qd6 17.Rc1 Qb8 18.Bxc5 Nd7 19.Bxa6 Rxc5 20.Qd2 Qd6 21.Rxc5 Nxc5 22.Bc4 Na4
23.Bb3 Nc5 24.Bc4 Na4 25.Bb3  1/2-1/2

[Event "UTD GM Invitational"]
[Site "Richardson USA"]
[Date "2011.12.15"]
[Round "1"]
[White "Holt,C"]
[Black "Onischuk,Al"]
[Result "0-1"]
[WhiteElo "2461"]
[BlackElo "2674"]

1.d4 d5 2.c4 e6 3.Nc3 Bb4 4.Nf3 Nf6 5.Qa4+ Nc6 6.cxd5 Nxd5 7.Bd2 Nb6 8.Qb5 a6
9.Qd3 e5 10.a3 Bd6 11.d5 Ne7 12.O-O-O Nd7 13.Qc2 b5 14.Ne4 Nb6 15.Ba5 Bf5
16.e3 Qd7 17.Nh4 Bxe4 18.Qxe4 O-O 19.Kb1 f5 20.Qc2 Nbxd5 21.g4 fxg4 22.Bg2 c6
23.Be4 g6 24.h3 g3 25.fxg3 Nxe3 26.Qb3+ N7d5 27.Rxd5 Nxd5 28.Bxd5+ cxd5 29.Qxd5+ Kh8
30.Rd1 g5 31.Bb4 gxh4 32.Bxd6 Qf5+ 33.Ka2 Rfe8 34.Rf1 Qxf1 35.Bxe5+ Rxe5
36.Qxe5+ Kg8 37.Qg5+ Kf7 38.Qd5+ Kg6 39.Qxa8 Qc4+ 40.Ka1 Qf1+ 41.Ka2 Qf7+
42.Ka1 hxg3 43.Qxa6+ Kh5 44.Qxb5+ Kh4 45.Qc6 Qf1+ 46.Ka2 g2 47.Qh6+ Kg3 48.Qg7+ Kh2
49.Qe5+ Kh1 50.Qd5 Qf4 51.Qc6 Kh2 52.Qc2 Qf7+ 53.b3  0-1

[Event "UTD GM Invitational"]
[Site "Richardson USA"]
[Date "2011.12.16"]
[Round "2"]
[White "Onischuk,Al"]
[Black "Wang Puchen"]
[Result "1-0"]
[WhiteElo "2674"]
[BlackElo "2441"]

1.d4 Nf6 2.c4 g6 3.g3 Bg7 4.Bg2 d5 5.cxd5 Nxd5 6.e4 Nb6 7.Ne2 O-O 8.Nbc3 Nc6
9.d5 Na5 10.O-O e6 11.Bf4 exd5 12.exd5 Nac4 13.b3 Nd6 14.Qd2 Re8 15.Rac1 a6
16.Rfe1 Bf5 17.Nd4 Qd7 18.Nxf5 Qxf5 19.Bxd6 cxd6 20.Ne4 Rad8 21.Qb4 Nxd5
22.Qxb7 a5 23.Red1 Re5 24.f4 Nxf4 25.gxf4 Qxf4 26.Rf1 Qe3+ 27.Kh1 Rf8 28.Rc8 Rf5
29.Rxf8+ Bxf8 30.Rxf5 gxf5 31.Ng3  1-0

[Event "UTD GM Invitational"]
[Site "Richardson USA"]
[Date "2011.12.16"]
[Round "3"]
[White "Bercys,S"]
[Black "Onischuk,Al"]
[Result "0-1"]
[WhiteElo "2464"]
[BlackElo "2674"]

1.e4 c6 2.Nc3 d5 3.d4 dxe4 4.Nxe4 Bf5 5.Ng3 Bg6 6.Nf3 Nd7 7.h4 h6 8.h5 Bh7
9.Bd3 Bxd3 10.Qxd3 e6 11.Bd2 Ngf6 12.O-O-O Be7 13.Kb1 O-O 14.Rhe1 Re8 15.Qb3 Qb6
16.c4 Ng4 17.Re2 Qxb3 18.axb3 a5 19.Bc3 Nb6 20.Ne5 Nxe5 21.dxe5 a4 22.Kc2 axb3+
23.Kxb3 Na4 24.Ne4 b5 25.cxb5 Reb8 26.Rd7 Rxb5+ 27.Kc2 Bf8 28.Rc7 Rab8 29.Nd6 Nxc3
30.bxc3 Rxe5 31.Rd2 Bxd6 32.Rxd6 Rxh5 33.Rcxc6 Rh2 34.c4 Rxg2 35.Rd2 h5 36.c5 h4
37.Rcd6 Rg5  0-1

[Event "UTD GM Invitational"]
[Site "Richardson USA"]
[Date "2011.12.17"]
[Round "4"]
[White "Onischuk,Al"]
[Black "Hansen,Eric"]
[Result "1/2-1/2"]
[WhiteElo "2674"]
[BlackElo "2447"]

1.d4 Nf6 2.c4 e6 3.Nc3 d5 4.cxd5 Nxd5 5.e4 Nxc3 6.bxc3 c5 7.Nf3 cxd4 8.cxd4 Bb4+
9.Bd2 Bxd2+ 10.Qxd2 O-O 11.Rc1 b6 12.Bd3 Bb7 13.O-O Nc6 14.d5 Na5 15.dxe6 fxe6
16.Ng5 Qe7 17.e5 h6 18.Ne4 Bxe4 19.Bxe4 Rad8 20.Qe2 Nb7 21.Rc3 Nc5 22.Bb1 Rd4
23.Rg3 g5 24.Rg4 Rxg4 25.Qxg4 Qg7 26.Qe2 Nd7 27.Re1 Rc8 28.Qa6 Rc7 29.Qa3 Nc5
30.Qe3 Rd7 31.Rf1 Rf7 32.h3 Nd7 33.Re1 Nc5 34.Qe2 Rd7 35.Rf1 Rd4 36.Qh5 Rh4
37.Qe8+ Qf8 38.Qg6+ Qg7 39.Qe8+ Qf8 40.Qc6 Rd4 41.Bc2 Rd5 42.Bb3 Rxe5 43.Qc7 Rf5
44.Qxa7 Nxb3 45.axb3 Qd6 46.Qa1 Rd5 47.Qf6 e5 48.Qf3 Rd3 49.Qa8+ Kg7 50.Qb7+ Kg8
51.Qa8+ Kg7 52.Qb7+ Kg8 53.b4 Rd1 54.Rxd1 Qxd1+ 55.Kh2 Qd4 56.Qc8+ Kg7 57.Qc7+ Kf6
58.Qc6+ Kg7  1/2-1/2

[Event "UTD GM Invitational"]
[Site "Richardson USA"]
[Date "2011.12.17"]
[Round "5"]
[White "Iotov,V"]
[Black "Onischuk,Al"]
[Result "1/2-1/2"]
[WhiteElo "2576"]
[BlackElo "2674"]

1.d4 Nf6 2.c4 e6 3.Nf3 d5 4.Nc3 Be7 5.Bg5 h6 6.Bxf6 Bxf6 7.e3 O-O 8.Rc1 c6
9.Bd3 Nd7 10.O-O dxc4 11.Bxc4 e5 12.Ne4 exd4 13.Nxd4 Be5 14.f4 Bxd4 15.Qxd4 Nb6
16.Nd6 Nxc4 17.Rxc4 Be6 18.Rc3 Qb6 19.Qxb6 axb6 20.a3 Rad8 21.Rd1 f5 22.Rd4 Bd5
23.Nb5 Be4 24.Nd6 Bd5 25.Nb5 c5 26.Rd2 Bc6 27.Nd6 Rd7 28.Nc4 Rxd2 29.Nxd2 Rd8
30.Rc2 Rd3 31.Nf1 Kf7 32.Kf2 Ke6 33.Rd2 Rb3 34.Ng3 Bb5 35.e4 fxe4 36.Nxe4 Kf5
37.Nd6+ Kxf4 38.Nxb7 Rd3 39.Rxd3 Bxd3 40.Nd6 Ke5 41.Nc8 b5 42.Ke3 Bf1 43.g3 Ke6
44.Kf2 Bc4 45.Ke3 Bf1 46.Kf2 Bc4 47.Ke3 Bf1  1/2-1/2

[Event "UTD GM Invitational"]
[Site "Richardson USA"]
[Date "2011.12.18"]
[Round "6"]
[White "Onischuk,Al"]
[Black "Hughes,T"]
[Result "1-0"]
[WhiteElo "2674"]
[BlackElo "2295"]

1.d4 Nf6 2.c4 g6 3.Nc3 Bg7 4.e4 O-O 5.Nf3 d6 6.Be2 e5 7.Be3 Na6 8.O-O Ng4
9.Bg5 f6 10.Bc1 exd4 11.Nxd4 f5 12.exf5 Nxh2 13.Re1 Qh4 14.Nf3 Nxf3+ 15.Bxf3 Bxf5
16.g3 Qd4 17.Bd5+ Kh8 18.Qxd4 Bxd4 19.Nb5 c6 20.Nxd4 cxd5 21.cxd5 Nb4 22.Bh6 Rfe8
23.Nxf5 gxf5 24.Rad1 Kg8 25.Re6 Rad8 26.Bg5 Rxe6 27.dxe6 Re8 28.Rxd6 Kg7
29.Kg2 Nc6 30.Kf3 h6 31.Bh4 Ne5+ 32.Kf4 Ng6+ 33.Kxf5 Rf8+ 34.Ke4 Nxh4 35.Rd7+ Kg6
36.e7  1-0

[Event "UTD GM Invitational"]
[Site "Richardson USA"]
[Date "2011.12.19"]
[Round "7"]
[White "Chirila,I"]
[Black "Onischuk,Al"]
[Result "1-0"]
[WhiteElo "2523"]
[BlackElo "2674"]

1.e4 e5 2.Nf3 Nc6 3.Bb5 a6 4.Ba4 Nf6 5.O-O b5 6.Bb3 Bb7 7.Re1 Bc5 8.c3 d6
9.h3 h6 10.d3 O-O 11.Nbd2 Bb6 12.Nf1 Na5 13.Bc2 c5 14.Ng3 Nc6 15.Nh2 Ne7
16.Qf3 Nh7 17.Qh5 Nf6 18.Qf3 Nh7 19.Qh5 Nf6 20.Qe2 Nh7 21.Ng4 Kh8 22.a4 Qd7
23.Be3 Rac8 24.b4 Qc7 25.axb5 axb5 26.Bb3 cxb4 27.cxb4 Bxe3 28.Qxe3 Qd7 29.d4 exd4
30.Qxd4 f6 31.Nh5 Qc6 32.Nf4 Ng5 33.Bd5 Qd7 34.Bxb7 Rc4 35.Qe3 Rxb4 36.Ra7 Ra4
37.Ba6  1-0

[Event "UTD GM Invitational"]
[Site "Richardson USA"]
[Date "2011.12.19"]
[Round "8"]
[White "Sadorra,J"]
[Black "Onischuk,Al"]
[Result "0-1"]
[WhiteElo "2506"]
[BlackElo "2674"]

1.d4 Nf6 2.c4 e6 3.Nc3 Bb4 4.f3 d5 5.a3 Bxc3+ 6.bxc3 c5 7.cxd5 Nxd5 8.dxc5 Qa5
9.e4 Nf6 10.Be3 O-O 11.Qb3 Qc7 12.a4 Nfd7 13.Qa3 b6 14.a5 bxc5 15.Nh3 Ba6
16.Bxa6 Nxa6 17.O-O Qc6 18.c4 Rfd8 19.Nf4 Ne5 20.Qc3 f6 21.Nh5 Qe8 22.Nf4 Rd7
23.Rab1 Rad8 24.Rb5 Nd3 25.Nxd3 Rxd3 26.Qc1 Qd7 27.g3 e5 28.Kg2 h5 29.h4 Qc8
30.Kh2 Qc6 31.Kg2 R8d6 32.Rf2 Rd1 33.Qc2 Qd7 34.Qe2 Ra1 35.f4 Rdd1 36.f5 Rg1+
37.Kf3 Rad1 38.Rb3 Nb4 39.Bxc5 Nd3 40.Rxd3 Rxd3+ 41.Be3 Qd4  0-1

[Event "UTD GM Invitational"]
[Site "Richardson USA"]
[Date "2011.12.20"]
[Round "9"]
[White "Onischuk,Al"]
[Black "Pavlovic,MilosM"]
[Result "1-0"]
[WhiteElo "2674"]
[BlackElo "2486"]

1.d4 Nf6 2.Nf3 g6 3.c4 Bg7 4.Nc3 d5 5.Qb3 dxc4 6.Qxc4 O-O 7.e4 Bg4 8.Be3 Nfd7
9.Rd1 Nc6 10.Qb3 e5 11.dxe5 Ncxe5 12.Be2 Nxf3+ 13.Bxf3 Be6 14.Qc2 c6 15.O-O Qa5
16.Be2 Nb6 17.Bd4 Rad8 18.Bxg7 Kxg7 19.Rd2 Bc4 20.Rfd1 Rxd2 21.Qxd2 Bxe2
22.Qxe2 Qc5 23.Qd3 Re8 24.Qd4+ Qxd4 25.Rxd4 f5 26.f3 fxe4 27.Nxe4 Nd5 28.Kf2 Re7
29.b4 a6 30.a4 h6 31.h4 Kf7 32.Nc5 Kf6 33.a5 g5 34.Rg4 Kf5 35.Re4 Kf6 36.hxg5+ hxg5
37.Rxe7 Kxe7 38.Nxb7 Nxb4 39.Ke3 Nc2+ 40.Ke4 Ke6 41.g3 Nb4 42.Kd4 Nc2+ 43.Kd3 Ne1+
44.Ke4 Nc2 45.f4 gxf4 46.gxf4 Nb4 47.f5+ Kf6 48.Nc5 Ke7 49.Ke5 Kf7 50.Ne4 Nd5
51.f6 Ne3 52.Ng5+ Kg6 53.f7 Kg7 54.Kd6 Kf8 55.Ke6  1-0

[Event "ch-USA 2012"]
[Site "Saint Louis USA"]
[Date "2012.05.08"]
[Round "1"]
[White "Stripunsky,A"]
[Black "Onischuk,Al"]
[Result "0-1"]
[WhiteElo "2562"]
[BlackElo "2660"]

1.e4 c6 2.Nc3 d5 3.Nf3 Bg4 4.h3 Bxf3 5.Qxf3 e6 6.g3 Nd7 7.Qe2 d4 8.Nb1 h5
9.h4 g5 10.hxg5 Qxg5 11.d3  0-1